Normal view
MARC view
Entry Meeting Name
001 - CONTROL NUMBER
- control field: 23098
003 - CONTROL NUMBER IDENTIFIER
- control field: ARRUPE
005 - DATE AND TIME OF LATEST TRANSACTION
- control field: 20160321144935.0
008 - FIXED-LENGTH DATA ELEMENTS
- fixed length control field: 160321|| aca||aabn | a|a d
040 ## - CATALOGING SOURCE
- Original cataloging agency: ARRUPE
- Transcribing agency: ARRUPE
111 ## - HEADING--MEETING NAME
- Meeting name or jurisdiction name as entry element: Zimbabwe International Book Fair.
670 ## - SOURCE DATA FOUND
- Source citation: Work cat.: (ARRUPE)0: Towards press freedom., c1996.